00877cam a2200241 a 450000500170000000800390001702000150005604100080007108200200007910000340009924501340013325000220026730000420028949000130033165100480034465100450039265100310043726400440046833600270051233700330053933800280057204000350060020220316235838.0020607s2002 ck a gr 000 0dspa a958815930X0 aspa04a986.132 bG34n 1 aGil Montoya, Rigobertod1966-11a"Nido de cóndores" baspectos de la vida cotidiana de Pereira en los años veinte, una mirada cultural cRigoberto Gil Montoya aPrimera edición a241 páginas bilustraciones c21 cm0 aHistoria 4aPereiraxVida social y costumbresySiglo XX 4aPereiraxHistoria económica ySiglo XX 4aPereira xVida intelectual aBogotá bMinisterio de Culturacc2002 atextobtxt2rdacontent asin mediaciónbn2rdamedia avolumenbnc2rdacarrier aCO-BoRNBPbspaerdacCO-BoRNBP